00322nam a2200133Ia 4500008004100000100003300041245003400074250001200108260002500120300000800145650001300153942000700166999001500173190216s9999||||xx |||||||||||||| ||und|| aGupta.R.B And Anita Kaithal 0aDesign And Production Process a1st Ed. bSatya Prakasanc1994 a651 aComputer cBK c8555d8555